000 00785nam a22002537a 4500
001 BR6000224
003 BR-BrBNA
005 20230928083019.0
007 ta
008 230509b bl.||||| |||| 00| 0 por d
040 _aBR-BrBNA
_bpor
_cBiblioteca Nacional de Agricultura
041 _a(Por)
072 _aF25
_b/G514
090 _ F25 BR6000224
110 1 _aPrograma Integrado de Pesquisas Agropecuarias do Estado de Minas Gerais, Belo Horizonte (Brasil)
_97991
245 1 _aRecomendacoes do uso de fertilizantes para o Estado de Minas Gerais [Brasil]
_b2. tentativa
260 3 _aBelo Horizonte, MG (Brasil):
_c1972.
300 _a88 p.
650 _aFERTILIZANTE
650 _aMINAS GERAIS
650 _aADUBACAO
909 _a202309
_bLucia
_c55
_dLucia Elande
942 _cBK
999 _c11102
_d11102